| 000 | 00579nam a2200181 a 4500 | ||
|---|---|---|---|
| 001 | 3518 | ||
| 003 | CDMR | ||
| 005 | 20130613100256.0 | ||
| 008 | 130130s1991||||||||||||||||||||||||||||d | ||
| 020 | _a8440489374 | ||
| 040 |
_aCDMR _bcat _cCDMR |
||
| 100 | 1 |
_aPrado, Emilio _91846 |
|
| 245 | 1 | 0 |
_aTelevisiones locales _b: tipología y aportaciones de la experiencia catalana _cEmili Prado, Miquel de Moragas |
| 260 |
_aBarcelona _c1991 _bCol.legi de Periodistes de Catalunya |
||
| 650 | 0 | 4 |
_93757 _aTelevisió local _zCatalunya |
| 700 | 1 |
_9475 _aMoragas Spà, Miquel de |
|
| 942 |
_cMON _2udc |
||
| 999 |
_c3518 _d3518 |
||